书目信息 |
| 题名: |
电子技术基础
|
|
| 作者: | ;上海师范大学中教组物理教研组 编 | |
| 分册: | 第三册 | |
| 出版信息: | 上海 上海人民出版社 1975.06 |
|
| 页数: | 350页 | |
| 开本: | 19cm | |
| 丛书名: | ||
| 单 册: | ||
| 中图分类: | G633.7 | |
| 科图分类: | ||
| 主题词: | 教育--各级 | |
| 电子资源: | ||
| ISBN: | ||
| 000 | 00638nam0 2200205 45 | |
| 001 | 0303130876 | |
| 005 | 20031219104106.9 | |
| 010 | @dCNY0.84 | |
| 091 | @a7150.1912 | |
| 100 | @a20030313d1975 km y0chiy0120 ea | |
| 101 | 0 | @achi |
| 105 | @a z 000yy | |
| 200 | 1 | @a电子技术基础@ADian Zi Ji Shu Ji Chu@h第三册@f上海师范大学中教组物理教研组编@FShang Hai Shi Fan Da Xue Zhong Jiao Zu Wu Li Jiao Yan Zu Bian |
| 210 | @a上海@c上海人民出版社@d1975.06 | |
| 215 | @a350页@d19cm | |
| 606 | 0 | @a教育@x各级 |
| 690 | @aG633.7@v3 | |
| 711 | 02 | @a上海师范大学中教组物理教研组@4编 |
| 801 | @aCN@bTSTC@c20030313 | |
| 905 | @dG633.7@e1:3@f2@b3045-046 | |
| 电子技术基础.第三册/上海师范大学中教组物理教研组编.-上海:上海人民出版社,1975.06 |
| 350页;19cm |
| ISBN :CNY0.84 |
| ● |
| 相关链接 |
|
|
|
|
正题名:电子技术基础
索取号:G633.7/1:3
 
预约/预借
| 序号 | 登录号 | 条形码 | 馆藏地/架位号 | 状态 | 备注 |
| 1 | 0003045 | 001760810 | 密集书库/ [索取号:G633.7/1:3] | 在馆 | |
| 2 | 0003046 | 001760776 | 密集书库/ [索取号:G633.7/1:3] | 在馆 |